Normal view
MARC view
- M. Rebrou, G.Khozin
Entry Personal Name
001 - CONTROL NUMBER
- control field: 105207
003 - CONTROL NUMBER IDENTIFIER
- control field: NUST
005 - DATE AND TIME OF LATEST TRANSACTION
- control field: 20221219130236.0
008 - FIXED-LENGTH DATA ELEMENTS
- fixed length control field: 221219|| aca||aabn | a|a d
040 ## - CATALOGING SOURCE
- Original cataloging agency: NUST
- Transcribing agency: NUST
100 ## - HEADING--PERSONAL NAME
- Personal name: M. Rebrou, G.Khozin
670 ## - SOURCE DATA FOUND
- Source citation: Work cat.: (NUST)194193: M. Rebrou, G.Khozin, The Moon and Man
